<?xml version="1.0" encoding="UTF-8"?>
<record
    xmlns:xsi="http://www.w3.org/2001/XMLSchema-instance"
    xsi:schemaLocation="http://www.loc.gov/MARC21/slim http://www.loc.gov/standards/marcxml/schema/MARC21slim.xsd"
    xmlns="http://www.loc.gov/MARC21/slim">

  <leader>01297nam a2200265 a 4500</leader>
  <controlfield tag="001">BRCA_5321</controlfield>
  <controlfield tag="005">20190320205030.0</controlfield>
  <controlfield tag="008">031210m17091710mx-######v---#000-0#spa-#</controlfield>
  <datafield tag="041" ind1=" " ind2=" ">
    <subfield code="a">spa</subfield>
  </datafield>
  <datafield tag="044" ind1=" " ind2=" ">
    <subfield code="a">mx</subfield>
  </datafield>
  <datafield tag="084" ind1=" " ind2=" ">
    <subfield code="a">DOC148c</subfield>
    <subfield code="b">.A93</subfield>
    <subfield code="c">1709</subfield>
  </datafield>
  <datafield tag="100" ind1="1" ind2=" ">
    <subfield code="a">Ayala Altamirano, Nic&#xF3;las de.</subfield>
    <subfield code="c">Obispo</subfield>
    <subfield code="9">13647</subfield>
  </datafield>
  <datafield tag="245" ind1="1" ind2="0">
    <subfield code="a">Documento expedido el 1 de mayo de 1709</subfield>
    <subfield code="c">Nic&#xF3;las de Ayala Altamirano, Duque de Alburqueque.</subfield>
  </datafield>
  <datafield tag="260" ind1=" " ind2=" ">
    <subfield code="a">M&#xE9;xico</subfield>
    <subfield code="c">1709-1710</subfield>
  </datafield>
  <datafield tag="300" ind1=" " ind2=" ">
    <subfield code="a">[2] fojas</subfield>
    <subfield code="c">30 x 21 cm</subfield>
  </datafield>
  <datafield tag="500" ind1=" " ind2=" ">
    <subfield code="a">Denuncia de la mina denominada Nuestra Se&#xF1;ora de Loreto ante el excelent&#xED;simo Duque de Alburqueque para concederle facultades al Licenciado Don Nic&#xF3;las de Ayala Altamirando Obispo de Menores Ordenes de este arzobispado y abogado de esta Real Audiencia para benificiar la mina conforme a lo dispuesto</subfield>
  </datafield>
  <datafield tag="500" ind1=" " ind2=" ">
    <subfield code="a">Papel con marca de agua</subfield>
  </datafield>
  <datafield tag="500" ind1=" " ind2=" ">
    <subfield code="a">Estado de conservaci&#xF3;n: contiene acidez y los m&#xE1;rgenes maltratados</subfield>
  </datafield>
  <datafield tag="546" ind1=" " ind2=" ">
    <subfield code="a">Texto en: espa&#xF1;ol de principios del siglo XVIII</subfield>
  </datafield>
  <datafield tag="600" ind1="1" ind2="4">
    <subfield code="a">Ayala Altamirano, Nic&#xF3;las de.</subfield>
    <subfield code="c">Obispo</subfield>
    <subfield code="9">13647</subfield>
  </datafield>
  <datafield tag="650" ind1="1" ind2="4">
    <subfield code="a">Documentos legales</subfield>
    <subfield code="e">Minas</subfield>
    <subfield code="v">Manuscrito</subfield>
    <subfield code="x">Historia</subfield>
    <subfield code="y">Colonia, 1521.1821</subfield>
    <subfield code="z">M&#xE9;xico</subfield>
    <subfield code="9">13648</subfield>
  </datafield>
  <datafield tag="700" ind1="1" ind2=" ">
    <subfield code="a">Fern&#xE1;ndez de la Cueva y de la Cueva, Francisco</subfield>
    <subfield code="b">V</subfield>
    <subfield code="c">Duque de Alburqueque</subfield>
    <subfield code="d">1666-1724</subfield>
    <subfield code="9">13649</subfield>
  </datafield>
  <datafield tag="902" ind1=" " ind2=" ">
    <subfield code="a">FDH</subfield>
  </datafield>
  <datafield tag="942" ind1=" " ind2=" ">
    <subfield code="2">lcc</subfield>
    <subfield code="c">D</subfield>
  </datafield>
  <datafield tag="999" ind1=" " ind2=" ">
    <subfield code="c">5015</subfield>
    <subfield code="d">5015</subfield>
  </datafield>
  <datafield tag="952" ind1=" " ind2=" ">
    <subfield code="0">0</subfield>
    <subfield code="1">0</subfield>
    <subfield code="4">0</subfield>
    <subfield code="7">0</subfield>
    <subfield code="a">BRCA</subfield>
    <subfield code="b">BRCA</subfield>
    <subfield code="d">2010-12-03</subfield>
    <subfield code="l">0</subfield>
    <subfield code="o">DOC148c .A93 1709</subfield>
    <subfield code="p">5756</subfield>
    <subfield code="r">2019-03-22 00:00:00</subfield>
    <subfield code="w">2019-03-22</subfield>
    <subfield code="y">D</subfield>
  </datafield>
</record>
